000 00732nam a2200217 a 4500
001 000028889
005 20240316073901.0
008 110412s2004 dr 000 | spa d
020 _a9993455733
040 _aDO-SdBNP
_bspa
_cBNPHU
082 _aCh861.44
_bN454s
245 0 0 _aNeruda y Santo Domingo /
_cCompilación de Tomás Castro Burdiez.
260 _aSanto Domingo :
_bFundación Pablo Neruda;
_bFundación para la Educación y el Arte,
_c2004.
300 _a20 p. ;
_c22 cm.
590 _aInventariado, 2018/BT
600 1 4 _aNERUDA, PABLO,
_d1904-1973
_99164
650 4 _aPoesía chilena
_99166
650 4 _aLiteratura chilena
_93164
650 0 _aPoesía dominicana
_966
700 _aCastro, Tomás,
_d1959-
_ecomp.
_924641
999 _c28381
_d28381